书目信息 |
| 题名: |
Elecworks2013电气制图
|
|
| 作者: | 余朝刚 主编 | |
| 分册: | ||
| 出版信息: | 北京 清华大学出版社 2016.03 |
|
| 页数: | 202页 | |
| 开本: | 26cm | |
| 丛书名: | ||
| 单 册: | ||
| 中图分类: | TM02-39 | |
| 科图分类: | ||
| 主题词: | 电气制图--教材--计算机制图--高等学校--应用软件 | |
| 电子资源: | ||
| ISBN: | 978-7-302-35614-1 | |
| 000 | 01171nam0 2200241 450 | |
| 001 | 1116 | |
| 005 | 20161008081313.29 | |
| 010 | @a978-7-302-35614-1@b平装@dCNY29.00 | |
| 100 | @a20140520d2016 em y0chiy0110 ea | |
| 101 | 0 | @achi |
| 102 | @aCN@b110000 | |
| 105 | @aak z 000yy | |
| 200 | 1 | @aElecworks2013电气制图@9Elecworks2013 dian qi zhi tu@f余朝刚主编 |
| 210 | @a北京@c清华大学出版社@d2016.03 | |
| 215 | @a202页@c图表@d26cm | |
| 300 | @a光盘1张 | |
| 330 | @aElecworks是一款易学易用的电气图纸设计管理的优秀软件,本书对电气制图的基础知识、Elecworks的操作方法和技巧、Elecworks成功应用3个方面的内容进行了阐述。全书分14章: 电气制图基本规则、电气制图常见的元器件、安装和启动Elecworks、新建工程、数据库管理、布线方框图、原理图、PLC工程图、绘制清单、端子排、2D机柜布局、SolidWorks 3D 机柜布局、Elecworks在行业的应用以及电气工程文件的输出。 | |
| 333 | @a本书适宜作为大专院校电气工程及自动化、自动化、机械工程及自动化等相关专业的教材,也可以供工程技术人员阅读参考。 | |
| 606 | 0 | @a电气制图@j教材@x计算机制图@x高等学校@x应用软件 |
| 690 | @aTM02-39@v4 | |
| 701 | 0 | @a余朝刚@9yu chao gang@4主编 |
| 801 | 0 | @aCN@b唐山师范学院图书馆@c20160830 |
| 905 | @aZUCC@dTM02-39@e15 | |
| Elecworks2013电气制图/余朝刚主编.-北京:清华大学出版社,2016.03 |
| 202页:图表;26cm |
| 光盘1张.-使用对象:本书适宜作为大专院校电气工程及自动化、自动化、机械工程及自动化等相关专业的教材,也可以供工程技术人员阅读参考。 |
| ISBN 978-7-302-35614-1(平装):CNY29.00 |
| Elecworks是一款易学易用的电气图纸设计管理的优秀软件,本书对电气制图的基础知识、Elecworks的操作方法和技巧、Elecworks成功应用3个方面的内容进行了阐述。全书分14章: 电气制图基本规则、电气制图常见的元器件、安装和启动Elecworks、新建工程、数据库管理、布线方框图、原理图、PLC工程图、绘制清单、端子排、2D机柜布局、SolidWorks 3D 机柜布局、Elecworks在行业的应用以及电气工程文件的输出。 |
| ● |
| 相关链接 |
|
|
|
|
正题名:Elecworks2013电气制图
索取号:TM02-39/15
 
预约/预借
| 序号 | 登录号 | 条形码 | 馆藏地/架位号 | 状态 | 备注 |
| 1 | 902524 | 209025240 | 第二样本阅览室/ [索取号:TM02-39/15] | 在馆 | |
| 2 | 902525 | 209025259 | 密集书库-物理学院/ [索取号:TM02-39/15] | 在馆 | |
| 3 | 902526 | 209025268 | 第三借阅区/ [索取号:TM02-39/15] | 在馆 | |
| 4 | 902527 | 209025277 | 第三借阅区/ [索取号:TM02-39/15] | 在馆 | |
| 5 | 902528 | 209025286 | 第三借阅区/ [索取号:TM02-39/15] | 在馆 |